000 01107nam0a22002291 4500
001 rc\843203
005 20260407131027.0
035 _a(NLR Aleph) 006024433
090 _a7462430
_c7462430
100 _a20041129d1983 |||y0rusy50 ca
101 0 _arus
102 _aRU
105 _ay |||||||||
200 1 _aМетодические указания по изучению новых материалов в курсе "Экономика, организация и планирование отраслей деятельности потребительской кооперации" для преподавателей кооперативных техникумов
_fЦентросоюз, Гл. упр. учеб. заведений, Центр. учеб.-метод. каб.
210 _aМ.
_cБ. и.
_d1983
215 _a[1], 36 с.
_d20
712 0 2 _aЦентросоюз
_bЦентральный учебно-методический кабинет
_9457956
_3RU\NLR\AUTH\889980866
801 0 _aRU
_bNLR
_gpsbo
801 1 _aRU
_bELAR
_2rusmarc
852 _aNLR
_j83-4/29000
942 _cBOOK
980 _aNB